| 000 | 00681cam a22002291 4500 | ||
|---|---|---|---|
| 001 | sa 68001687 | ||
| 003 | DLC | ||
| 005 | 20260227112436.0 | ||
| 008 | 850406s1967 ii 000 1 malx | ||
| 010 | _asa 68001687 | ||
| 020 | _cRs2 | ||
| 025 | _aPL480: I-Mal-1101 | ||
| 035 | _a(OCoLC)13888534 | ||
| 040 |
_aDLC _cNN _dDLC |
||
| 042 | _apremarc | ||
| 050 | 0 | 0 |
_aPL4718.9.V28 _bS7 |
| 100 | 1 |
_aVarkey, Muttathu, _d1915- |
|
| 245 | 1 | 0 |
_aStr̲īkaḷ mātr̲aṃ, _bkathakaḷ. _c[Granthakarttā] Muṭṭattu Varkki. |
| 260 |
_a[n.p., _bJ. Johnson]; _bvitaraṇaṃ: Nāṣanal Bukkst̲t̲āḷ, Kōṭṭayaṃ _c[1967] |
||
| 300 |
_a143 p. _c18 cm. |
||
| 500 | _aIn Malayalam. | ||
| 999 |
_c78151 _d78151 |
||